书目信息 |
| 题名: |
网络传播概论
|
|
| 作者: | 彭兰 著 | |
| 分册: | ||
| 出版信息: | 北京 中国人民大学出版社 2009.06 |
|
| 页数: | 415页 | |
| 开本: | 24cm | |
| 丛书名: | ||
| 单 册: | ||
| 中图分类: | G206 , TP393.4 | |
| 科图分类: | ||
| 主题词: | 互联网络--传播学--高等学校--教材 , 互联网络 , 传播学 | |
| 电子资源: | ||
| ISBN: | 978-7-300-10550-5 | |
| 000 | 00983nam0 2200289 450 | |
| 001 | 003096101 | |
| 005 | 20091207095226.91 | |
| 010 | @a978-7-300-10550-5@dCNY39.80 | |
| 100 | @a20090820d2009 em y0chiy0110 ea | |
| 101 | 0 | @achi |
| 102 | @aCN@b110000 | |
| 105 | @aak z 000yy | |
| 106 | @ar | |
| 200 | 1 | @a网络传播概论@9wang luo chuan bo gai lun@f彭兰著 |
| 205 | @a2版 | |
| 210 | @a北京@c中国人民大学出版社@d2009.06 | |
| 215 | @a415页@c图@d24cm | |
| 300 | @a普通高等教育“十一五”国家级规划教材 高等学校全国优秀博士学位论文作者专项资金资助项目 21世纪新闻传播学系列教材/方汉奇主编 | |
| 330 | @a本书内容包括:网络传播的基础技术;网络信息制作与发布;网络新闻编辑;网络互动组织;网络公关与广告传播;网络的属性与传播生态等。 | |
| 606 | 0 | @a互联网络@x传播学@x高等学校@j教材 |
| 606 | 0 | @a互联网络 |
| 606 | 0 | @a传播学 |
| 690 | @aG206@v4 | |
| 690 | @aTP393.4@v4 | |
| 701 | 0 | @a彭兰@9peng lan@4著 |
| 801 | 0 | @aCN@bRENTIAN@c20091207 |
| 905 | @b20796566-70@dG206@e302=2@f5 | |
| 网络传播概论/彭兰著.-2版.-北京:中国人民大学出版社,2009.06 |
| 415页:图;24cm |
| 普通高等教育“十一五”国家级规划教材 高等学校全国优秀博士学位论文作者专项资金资助项目 21世纪新闻传播学系列教材/方汉奇主编 |
| ISBN 978-7-300-10550-5:CNY39.80 |
| 本书内容包括:网络传播的基础技术;网络信息制作与发布;网络新闻编辑;网络互动组织;网络公关与广告传播;网络的属性与传播生态等。 |
| ● |
| 相关链接 |
|
|
|
|
正题名:网络传播概论
索取号:G206/302=2
 
预约/预借
| 序号 | 登录号 | 条形码 | 馆藏地/架位号 | 状态 | 备注 |
| 1 | 796566 | 207965665 | 第一样本阅览室/ [索取号:G206/302=2] | 在馆 | |
| 2 | 796567 | 207965674 | 第四借阅区/ [索取号:G206/302=2] | 在馆 | |
| 3 | 796568 | 207965683 | 第四借阅区/ [索取号:G206/302=2] | 在馆 | |
| 4 | 796569 | 207965692 | 第四借阅区/ [索取号:G206/302=2] | 在馆 | |
| 5 | 796570 | 207965709 | 密集书库-文学院/ [索取号:G206/302=2] | 在馆 |